00792nam a22002057a 4500999001900000003000400019082001600023245011000039260005400149300000900203546001200212650003500224650005600259650005000315650003900365700003100404700002200435942001200457952011700469 c290692d290692OSt aKAU/PR 2007 aProccedings of the WTO workshop impact of climate change on the agricultural sector in tropical countries bKerala Agricultural universityc2007aVellanikara a80p. aEnglish aclimate change and agriculture aclimate change and plantations in the humid tropics aclimate change risk management in agriculture aclimate change on marine fisheries a Prasad Rao, G S L H V Ed. aAlexander, D Eds. 2ddccIR 00102ddc40708GenaKAUCLVbKAUCLVcGENERALd2023-10-19l0o551.6 KAU/PR 2007p812515r2023-10-19 00:00:00yBK